Návrh kritérií a postupu rozpisu rozpočtu školských správ na rok 1993
Salvato in:
| Autore principale: | |
|---|---|
| Natura: | Libro |
| Lingua: | slovacco |
| Pubblicazione: |
Bratislava
Ústav informácií a prognóz školstva, mládeže a telovýchovy
1992
|
| Edizione: | 1. vyd. |
| Serie: | Výstupy výskumných úloh
|
| Soggetti: | |
| Tags: |
Nessun Tag, puoi essere il primo ad aggiungerne!!
|
MARC
| LEADER | 00000nam a2200000 4500 | ||
|---|---|---|---|
| 001 | c005368 | ||
| 005 | 20221214091838.9 | ||
| 041 | 0 | |a slo | |
| 044 | |a SK | ||
| 245 | 1 | 0 | |a Návrh kritérií a postupu rozpisu rozpočtu školských správ na rok 1993 |c Pavel Straka a kol. |
| 250 | |a 1. vyd. | ||
| 264 | 1 | |a Bratislava |b Ústav informácií a prognóz školstva, mládeže a telovýchovy |c 1992 | |
| 300 | |a 16 s. | ||
| 490 | 1 | |a Výstupy výskumných úloh | |
| 830 | 0 | |a Výstupy výskumných úloh | |
| 610 | 2 | 0 | |a rozpočet štátny |
| 610 | 2 | 0 | |a rozpočet miestny |
| 610 | 2 | 0 | |a financovanie |
| 610 | 2 | 0 | |a školstvo |
| 610 | 2 | 0 | |a 1993 |
| 610 | 2 | 0 | |a Slovensko |
| 610 | 2 | 0 | |a ÚIPŠMT Bratislava |
| 100 | 1 | |a Straka, Pavel | |